Statistics for Spanish Footballers in Premier League

Click here to take the quiz!

General Stats

  • This quiz has been taken 43 times
  • The average score is 34 of 160

Answer Stats

TeamsName% Correct
M.CityDavid Silva
91%
Liverpool, ChelseaFernando Torres
88%
M.CityFerran Torres
88%
Chelsea, M.UnitedJuan Mata
82%
Sunderland, Bolton, ChelseaMarcos Alonso
79%
BoltonMikel Alonso
79%
LiverpoolXabi Alonso
79%
M.CityRodri
76%
ChelseaCesar Azpilicueta
71%
Arsenal, ChelseaCesc Fabregas
71%
M.UnitedDavid De Gea
65%
Everton, ArsenalMikel Arteta
65%
Liverpool, A.VillaPepe Reina
59%
BlackburnJavi de Pedro
56%
LiverpoolLuis Garcia
56%
ChelseaPedro
56%
ChelseaAlvaro Morata
53%
M.UnitedGerard Pique
53%
M.CityAleix Garcia
50%
M.CityEric Garcia
50%
M.CityJavi Garcia
50%
M.CityManu Garcia
50%
Wolves, A.Villa, MiddlesbroughAdama Traore
44%
BoltonCesar Martin
44%
ChelseaKepa Arrizabalaga
44%
BrightonRobert Sanchez
44%
ArsenalSanti Cazorla
44%
Chelsea, WolvesDiego Costa
41%
ArsenalHector Bellerin
41%
Newcastle, LiverpoolJose Enrique
41%
LiverpoolThiago
41%
West Ham, LiverpoolAdrian
38%
Liverpool, West HamAlvaro Arbeloa
38%
M.City, MiddlesbroughAlvaro Negredo
38%
M.CityAymeric Laporte
38%
LiverpoolAlberto Moreno
35%
BoltonJavi Moreno
35%
M.CityJesus Navas
35%
ArsenalNacho Monreal
35%
Bolton, LeedsRodrigo Moreno
35%
Newcastle, LeicesterAyoze Perez
32%
Wigan, SunderlandJordi Gomez
32%
SwanseaMichu
32%
Chelsea, SouthamptonOriol Romeu
32%
M.CitySergio Gomez
32%
M.UnitedAnder Herrera
29%
LeedsDiego Llorente
29%
BoltonFernando Hierro
29%
Swansea, TottenhamFernando Llorente
29%
LiverpoolFernando Morientes
29%
ArsenalJose Antonio Reyes
29%
Arsenal, West HamLucas Perez
29%
LeicesterLuis Hernandez
29%
Swansea, LeedsPablo Hernandez
29%
BrentfordAlvaro Fernandez
26%
BoltonIvan Campo
24%
Brighton, ChelseaMarc Cucurella
24%
WigamAdrian Lopez
21%
Everton, WatfordGerard Deulofeu
21%
WolvesJonny
21%
M.CityNolito
21%
TottenhamRoberto Soldado
21%
M.City, LiverpoolAlbert Riera
18%
BrentfordDavid Raya
18%
M.City, ArsenalDenis Suarez
18%
WatfordMario Suarez
18%
TottenhamSergio Reguilon
18%
StokeBojan
15%
TottenhamBryan Gil
15%
A.VillaCarles Gil
15%
ArsenalDani Ceballos
15%
MiddlesbroughGaizka Mendieta
15%
LiverpoolIago Aspas
15%
Liverpool, Sunderland, NewcastleJavier Manquillo
15%
Crystal PalaceVicente Guaita
15%
SwanseaAngel Rangel
12%
ChelseaAsier Del Horno
12%
Stoke, NewcastleJoselu
12%
LeedsKiko Casilla
12%
LiverpoolLuis Alberto
12%
StokeMarc Muniesa
12%
ChelseaSaul Ñiguez
12%
Liverpool, BrentfordSergi Canos
12%
LiverpoolSuso
12%
M.CityBrahim Diaz
9%
Wigan, EvertonJoel Robles
9%
WatfordKiko Femenia
9%
ArsenalManuel Almunia
9%
LeedsMarc Roca
9%
BlackburnMichel Salgado
9%
LiverpoolPedro Chirivella
9%
West HamRoberto
9%
M.United, MiddlesbroughVictor Valdes
9%
ChelseaAlbert Ferrer
6%
LiverpoolAntonio Nuñez
6%
West BromBorja Valero
6%
A.Villa, SunderlandCarlos Cuellar
6%
Liverpool, Norwich, MiddlesbroughDaniel Ayala
6%
BournemouthDiego Rico
6%
FulhamFabri
6%
WolvesHugo Bueno
6%
StokeJese
6%
WatfordMarc Navarro
6%
NewcastleMikel Merino
6%
West BromPablo Ibañez
6%
ArsenalPablo Mari
6%
ChelseaQuique de Lucas
6%
SwanseaRoque Mesa
6%
EvertonSandro
6%
FulhamSergio Rico
6%
WiganAlbert Crusat
3%
NewcastleAlbert Luque
3%
SwanseaAlejandro Pozuelo
3%
SwanseaAlvaro Vazquez
3%
SwanseaAndrea Orlandi
3%
Swansea, A.VillaBorja Baston
3%
BrightonBruno Saltor
3%
SwanseaChico Flores
3%
West HamDiego Tristan
3%
WiganEdu Campabadal
3%
QPREsteban Granero
3%
TottenhamIago Falque
3%
ArsenalIgnasi Miquel
3%
WiganIvan Ramis
3%
M.City, NorwichJavier Garrido
3%
NewcastleJesus Gamez
3%
WolvesJesus Vallejo
3%
A.VillaJose Crespo
3%
WatfordJose Manuel Jurado
3%
LiverpoolJosemi
3%
M.CityJose Pozo
3%
CardiffJuan Cala
3%
SouthamptonJuan Larios
3%
West HamKepa Blanco
3%
BrightonMartin Montoya
3%
LeedsRaul Bravo
3%
M.UnitedRicardo
3%
LeicesterVicente Iborra
3%
Cardiff, Crystal PalaceVictor Camarasa
3%
NewcastleXisco
3%
BlackburnYordi
3%
M.CityAngeliño
0%
A.VillaAntonio Luna
0%
MiddlesbroughAntono Barragan
0%
BirminghamBorja Oubiña
0%
LiverpoolDani Pacheco
0%
ArsenalFran Merida
0%
Crystal PalaceJose Campaña
0%
SwanseaJose Cañas
0%
A.VillaJota Peleteiro
0%
SouthamptonJuanmi
0%
NewcastleMarcelino
0%
BirminghamMichel Madera
0%
TottenhamNayim
0%
IpswichPablo Couñago
0%
WiganRamon Golobart
0%
BlackburnRuben Rochina
0%
BoltonSalva Ballesta
0%
LiverpoolStefan Bajcetic
0%

Score Distribution

Percentile by Number Answered

Percent of People with Each Score

Your Score History

You have not taken this quiz